Lectures on quantum mechanics: Fundamentals and applications (Record no. 396425)

MARC details
000 -LEADER
fixed length control field 00601 a2200217 4500
005 - DATE & TIME
control field 20260225100155.0
008 - FIXED-LENGTH DATA ELEMENTS--GENERAL INFORMATION
fixed length control field 260224b |||||||| |||| 00| 0 eng d
020 ## - ISBN
International Standard Book Number 9788130929958
Price Rs. 495.00
040 ## - CATALOGING SOURCE
Original cataloging agency VIVEKANANDA LIBRARY
082 ## - DDC NUMBER
Classification number 530.12
Book Number P273L
100 ## - MAIN ENTRY--PERSONAL NAME
Personal name Pathak, Anirban, ed.
245 ## - TITLE STATEMENT
Title Lectures on quantum mechanics: Fundamentals and applications
260 ## - PUBLICATION, DISTRIBUTION, ETC. (IMPRINT)
Name of publisher, distributor, etc Viva Books
Date of publication, distribution, etc 2019
Place of publication, distribution, etc New Delhi
300 ## - PHYSICAL DESCRIPTION
Pages viii, 100
650 ## - Subject
Subject Quantum Mechanics
650 ## - Subject
Subject Theoretical Physics
650 ## - Subject
Subject Wave Mechanics
650 ## - Subject
Subject Atomic Physics
700 ## - Added Entry Personal Name
Added Entry Personal Name Ghatak, Ajoy, ed.
942 ## - ADDED ENTRY ELEMENTS (KOHA)
Koha item type Books
Holdings
Withdrawn status Lost status Source of classification or shelving scheme Damaged status Not for loan Location (home branch) Sublocation or collection (holding branch) Shelving location Date acquired Koha issues (times borrowed) Koha full call number Accession No. Koha date last seen Koha item type
    Dewey Decimal Classification     VIVEKANANDA LIBRARY VIVEKANANDA LIBRARY Vivekananda Library 28/01/2026   530.12 P273L 444936 28/01/2026 Books
    Dewey Decimal Classification     VIVEKANANDA LIBRARY VIVEKANANDA LIBRARY Vivekananda Library 28/01/2026   530.12 P273L 444935 28/01/2026 Books
    Dewey Decimal Classification     VIVEKANANDA LIBRARY VIVEKANANDA LIBRARY Vivekananda Library 28/01/2026   530.12 P273L 444934 28/01/2026 Books
    Dewey Decimal Classification     VIVEKANANDA LIBRARY VIVEKANANDA LIBRARY Vivekananda Library 17/02/2026   530.12 P273L 438292 17/02/2026 Books
    Dewey Decimal Classification     VIVEKANANDA LIBRARY VIVEKANANDA LIBRARY Vivekananda Library 17/02/2026   530.12 P273L 438291 17/02/2026 Books
© Designed and Maintained by Vivekananda Library, MDU Rohtak